| 000 | 01699cam a2200397Mi 4500 | ||
|---|---|---|---|
| 999 |
_c340 _d340 |
||
| 001 | .b1716008x | ||
| 003 | OCoLC | ||
| 005 | 20190806144525.0 | ||
| 008 | 161213s2017 enka 001 0 eng d | ||
| 020 |
_a9780198733805 _q(pbk.) : |
||
| 020 | _a0198733801 | ||
| 035 | _a(OCoLC)978484078 | ||
| 040 |
_aEQO _beng _erda _cEQO _dOCLCO _dLND _dOCLCF _dSHS _dNTOU |
||
| 042 | _anbic | ||
| 082 | 0 | _a540 BUR | |
| 100 | 1 |
_aBurrows, Andrew. _eauthor |
|
| 245 | 1 | 0 |
_aChemistry³ : _bintroducing inorganic, organic, and physical chemistry / _cAndrew Burrows, John Holman, Andrew Parsons, Gwen Pilling, Gareth Price. |
| 246 | 3 | 3 | _aChemistry 3. |
| 246 | 3 | 3 | _aChemistry cubed. |
| 250 | _aThird edition. | ||
| 264 | 1 |
_aOxford : _bOxford University Press, _c[2017] |
|
| 264 | 4 | _c©2017. | |
| 300 |
_axxii, 1409 pages : _billustrations ; _c28 cm. |
||
| 336 |
_atext _2rdacontent. |
||
| 337 |
_aunmediated _2rdamedia. |
||
| 338 |
_avolume _2rdacarrier. |
||
| 500 | _aPrevious edition: 2013. | ||
| 500 | _aIncludes index. | ||
| 520 | _a"Chemistry is widely considered to be the central science: it encompasses concepts from which other branches of science are developed. Yet, for many students entering university, gaining a firm grounding in chemistry is a real challenge. Chemistry³ responds to this challenge, providing students with a full understanding of the fundamental principles of chemistry on which to build later studies." -- Provided by publisher. | ||
| 650 | 0 |
_aChemistry _vTextbooks. |
|
| 700 | 1 |
_aHolman, John S. _q(John Stranger), _d1946- _eauthor. |
|
| 700 | 1 |
_aParsons, A. F., _eauthor. |
|
| 700 | 1 |
_aPilling, Gwen, _eauthor. |
|
| 700 | 1 |
_aPrice, Gareth J., _eauthor. |
|
| 942 |
_2ddc _cNFIC |
||